| 000 | 00700nam a2200217 a 4500 | ||
|---|---|---|---|
| 005 | 20240815063730.0 | ||
| 008 | 170912s2006 ea r 000 0 spa d | ||
| 020 | _a1404274685 | ||
| 035 | _aUPN01000220440 | ||
| 049 | _aI | ||
| 050 | 4 |
_aQL666 _bL3.2 |
|
| 100 | 1 |
_aLalley, Kristine _942864 |
|
| 245 | 1 | 1 |
_a¿Conoces las tortugas? / _cKristine Lalley ; tr. José María Obregón. |
| 260 |
_aNew York : _bRosen Classroom Books & Materials, _cc2006. |
||
| 300 |
_a8 p. : _bprincipalmente il. col. |
||
| 440 | 0 | _aRosen real readers en español | |
| 650 | 4 |
_aTORTUGAS - _vLITERATURA INFANTIL _98591 |
|
| 650 | 4 |
_aAnimales _xHábitos y comportamiento _91059 |
|
| 905 | _aInfantil | ||
| 999 |
_c192539 _d192539 |
||